Goyal's L.L.B. rntrance guide : (Record no. 134453)

MARC details
000 -LEADER
fixed length control field 00627nam a22002057a 4500
005 - DATE AND TIME OF LATEST TRANSACTION
control field 20170124110226.0
010 ## - LIBRARY OF CONGRESS CONTROL NUMBER
LC control number B-164196
020 ## - INTERNATIONAL STANDARD BOOK NUMBER
Terms of availability 110.00
035 ## - SYSTEM CONTROL NUMBER
System control number B-164196
037 ## - SOURCE OF ACQUISITION
Source of stock number/acquisition Cen Lib/Ret
040 ## - CATALOGING SOURCE
Original cataloging agency DPL
Language of cataloging EN
082 ## - DEWEY DECIMAL CLASSIFICATION NUMBER
Classification number 340
Item number SED
100 ## - MAIN ENTRY--PERSONAL NAME
Personal name Sedha, N.S.
9 (RLIN) 40768
245 ## - TITLE STATEMENT
Title Goyal's L.L.B. rntrance guide :
Statement of responsibility, etc by N.S. Sedha
Remainder of title objective type questions /
260 ## - PUBLICATION, DISTRIBUTION, ETC. (IMPRINT)
Place of publication, distribution, etc Delhi
Name of publisher, distributor, etc Goyal books publishers
Date of publication, distribution, etc 2006
270 ## - ADDRESS
City Delhi
Address F-24/9, Krishna Nagar
Postal code 110051
300 ## - PHYSICAL DESCRIPTION
Extent various pagings
Dimensions 23cm(pbk)
650 ## - SUBJECT ADDED ENTRY--TOPICAL TERM
Topical term or geographic name as entry element Law
General subdivision Entarence exminations guide
9 (RLIN) 40769
942 ## - ADDED ENTRY ELEMENTS (KOHA)
Source of classification or shelving scheme Dewey Decimal Classification
Koha item type English Books
Classification part 340
Call number suffix SED
Holdings
Withdrawn status Lost status Damaged status Not for loan Collection code Home library Current library Date acquired Source of acquisition Cost, normal purchase price Total Checkouts Full call number Barcode Date last seen Copy number Cost, replacement price Price effective from Koha item type
      Not For Loan Reference Central Library Central Library 30/07/2015 Cen Lib/Ret 110.00   340 SED B-164196 30/07/2015 1 110.00 30/07/2015 English Books

© Delhi Public Library
Hit Counter
free hit counter